El derecho penal en la República del Perú
Gespeichert in:
| 1. Verfasser: | |
|---|---|
| Format: | Buch |
| Sprache: | Spanisch |
| Veröffentlicht: |
Madrid
Cuesta
1926
|
| Schriftenreihe: | Publicaciones de la Sección de Estudios Americanistas. Serie Segunda, 3
|
| Schlagworte: | |
| Tags: |
Tag hinzufügen
Keine Tags, Fügen Sie den ersten Tag hinzu!
|
MARC
| LEADER | 00000nam a2200000 a 4500 | ||
|---|---|---|---|
| 001 | UCS0067 | ||
| 003 | CL-VaPUC | ||
| 008 | 970418e19260000SP |||||||||||||||||spa|d | ||
| 082 | 0 | 4 | |a 345.85 |b JIM |2 21 |
| 100 | |a Jiménez de Asúa, Luis |e author |9 383442 | ||
| 245 | 1 | 3 | |a El derecho penal en la República del Perú |
| 300 | |a 113 p | ||
| 942 | |c BK | ||
| 945 | |d 19970418 00:00:00 |a cmena | ||
| 260 | |a Madrid |b Cuesta |c 1926 | ||
| 650 | 0 | |a Código penal |9 255935 | |
| 650 | 0 | |a Delitos |9 224143 | |
| 650 | 0 | |a Moneda |9 342365 | |
| 650 | 7 | |a CRIMINALES |2 CL-VaPUC |9 322996 | |
| 650 | 7 | |a DERECHO PENAL |2 CL-VaPUC |9 11 | |
| 651 | 0 | |a Perú |9 256567 | |
| 583 | |a last modification |c 19970418 00:00:00 |k Rodrigo Vera | ||
| 490 | 0 | |a Publicaciones de la Sección de Estudios Americanistas. Serie Segunda, 3 | |
| 999 | |c 258321 |d 258319 | ||
| 952 | |0 0 |1 0 |4 0 |6 345_850000000000000_JIM_1926 |7 0 |8 A |9 282342 |a BIBDER |b BIBDER |d 2019-11-19 |i 1827324 |o 345.85 JIM 1926 |p 1827324 |r 2023-01-25 |w 2019-11-19 |y BK |k DER | ||